Bahai Movement. (Record no. 2767)

MARC details
000 -LEADER
fixed length control field 00612nam a2200241 a 4500
020 ## - INTERNATIONAL STANDARD BOOK NUMBER
ISBN
082 00 - DEWEY DECIMAL CLASSIFICATION NUMBER
Classification number 297.93
Author Cutter NSA
100 ## - MAIN ENTRY--AUTHOR NAME
Author name National Spiritual, Assembly Of S Of Ind
245 ## - TITLE STATEMENT
Title Bahai Movement.
260 ## - PUBLICATION, DISTRIBUTION, ETC. (IMPRINT)
Place of publication Tehran
Name of publisher No Publisher
Year of publication 1931
300 ## - PHYSICAL DESCRIPTION
Number of Pages 49p
500 ## - GENERAL NOTE
General note includes index and biblioraphy
505 2# - FORMATTED CONTENTS NOTE
Formatted contents note Quranic Science
650 ## - SUBJECT ADDED ENTRY--TOPICAL TERM
Topical Term Bahai Faith
942 ## - ADDED ENTRY ELEMENTS (KOHA)
Koha item type Books
700 1# -
-- National Spiritual, Assembly Of S Of Ind
Holdings
Collection code Home library Current library Date acquired Cost, normal purchase price Full call number Accession Number Koha item type
  Henry Martyn Institute Library Henry Martyn Institute Library 07/02/2007 100.00 297.93 NSA 01949 Books
                   Copyright © 2026 | Henry Martyn Institute | Hyderabad | TS-500052 | INDIA | Implemented by hmi.edu.in
Hit-Count:

Powered by Koha